000 00747nam a2200265Ia 4500
003 OSt
005 20220925215518.0
006 a|||||r|||| 00| 0
007 ta
008 220923b |||||||| |||| 00| 0 eng d
020 _a0 09 141370 2
037 _cGeneral Book
040 _aRTL
_cRTL
_beng
041 _2eng
_aeng
082 _aY33, M0
100 _aGoldsmith Michael
_9282983
245 0 _aPolitics, planning and the city
260 _aLondon
_bHutchinson
_c1980
300 _a216p
_ccm.
490 _aBuilt Environment Series Ed by Michael J Bruton
500 _aBibliography: p 178-197
650 _aUrban Sociology
_934088
942 _hY33, M0
_cGB
_2CC
999 _c568982
_d568982